000 01299cam a22003617a 4500
003 CHAP
005 20250528135459.0
008 030131d2002 mx r 00110 spa d
010 _a86803
011 _a87775
035 _a98319
040 _cCHAP
090 _aTesis
100 1 0 _aAlmazo Domínguez, Ramón
_94495
245 1 0 _aAnálisis de costos de producción de tortilla con diferentes procesos de elaboración
_c/por Ramón Almazo Domínguez
260 _aChapingo, Méx. :
_bEl autor,
_c2002.
300 _a149 h.
502 _aTesis (M.C. en Economía del Desarrollo Rural) -- UACH. División de Ciencias Económico- Administrativas
590 _aALEPH
_b10
_c20130110
_lUCH01
_h1451
590 _aBATCH-UPD
_b10
_c20130110
_lUCH01
_h0354
590 _aBATCH-UPD
_b10
_c20130110
_lUCH01
_h2034
590 _aBATCH-UPD
_b10
_c20130410
_lUCH01
_h0027
590 _aBATCH-UPD
_b10
_c20130914
_lUCH01
_h0239
590 _aCONVERSION
_b10
_c20130109
_lUCH01
_h1348
650 1 4 _aMaíz
_xProcesado.
_971040
650 1 4 _aMaíz
_xSubproductos.
_971064
650 1 4 _aTortillas de maíz.
_9114318
901 _aBK
905 _aMayto Villalobos S.
942 _cFOLL
949 _aTesis
_bBC
_cTES
_d33724000883393
_eTS2
_fc.2
_h40366
_i98319
_si
949 _aTesis
_bBC
_cTES
_d98319123
_eTS1
_h40368
_i98319
_sb
999 _c86803
_d86803